Reporting of Sustainability Information by Financial Institutions Based in Slovakia in Accordance with the Requirements of the Amendment to the Accounting Act

Na minha lista:
Detalhes bibliográficos
Autor principal: Kadlečíková, Oľga, 1973-
Formato: Capítulo de Livro
Idioma:inglês
Assuntos:
Tags: Adicionar Tag
Sem tags, seja o primeiro a adicionar uma tag!

MARC

LEADER 00000naa$a2200000$$$4500
001 0305668
005 20250128100344.8
041 0 |a eng 
044 |a SK 
245 1 0 |a Reporting of Sustainability Information by Financial Institutions Based in Slovakia in Accordance with the Requirements of the Amendment to the Accounting Act  |c Oľga Kadlečíková 
500 |a Abstrakt 
610 2 0 |a informácie 
610 2 0 |a účtovníctvo 
610 2 0 |a zákony 
100 1 |a Kadlečíková, Oľga, 1973-